| 000 | 00692nam a22002297a 4500 | ||
|---|---|---|---|
| 999 |
_c9178 _d9178 |
||
| 003 | AR-CdUCM | ||
| 008 | 190327b ||||| |||| 00| 0 spa d | ||
| 020 | _a978-612-00-2501-7 | ||
| 040 |
_aMUNICIPALIDAD PROVINCIAL DEL CUSCO _cBIBLIOTECA MUNICIPAL DEL CUSCO |
||
| 082 |
_a869.945 / _bM96 |
||
| 100 |
_aMuñiz Caparó, Julio Gilberto _924555 |
||
| 245 |
_aTerraviva : _bHomenaje a la naturaleza / |
||
| 260 |
_aLima : _c2016. |
||
| 300 |
_a116 páginas ; _bfotografía, _c20 cm. |
||
| 500 | _aCuaderno de Hampatu. | ||
| 505 | _aContenido: Poesías. | ||
| 650 |
_aLiteratura Peruana _9132 |
||
| 650 |
_aSiglo XXI _92856 |
||
| 650 |
_aPoesía _9139 |
||
| 942 |
_2ddc _cLIBROS |
||
| 945 | _aachl | ||